Menschenrechte, Grundrechte / Heinz Eduard Tödt. Religion und Politik / Francis Fiorenza. Legitimation / Alexander Schwan
Record details
- ISBN: 3-451-19227-6
- Physical Description: 143 s. ; 21 cm
- Publisher: Freiburg ; Herder, 1982
Content descriptions
| Bibliography, etc. Note: | Obsahuje bibliografii a rejstřík |
Search for related items by subject
| Subject: | sociální etika politologie politická teologie náboženská víra křesťanství náboženství a politika lidská práva |
| Genre: | monografie |
Search for related items by series
Available copies
- 1 of 1 copy available at Common Catalog SPOK.
Holds
- 0 current holds with 1 total copy.
Show All Copies
| Location | Call Number / Copy Notes | Barcode | Shelving Location | Status | Due Date |
|---|---|---|---|---|---|
| Jabok Library | ST-1.2 | 424480007205 | Depozitář (knihy) - ptejte se knihovníka | Available | - |
| LDR | 01977nam a2200505ua 4500 | ||
|---|---|---|---|
| 001 | 4236 | ||
| 003 | CZ-PrJAB | ||
| 005 | 20190227153059.0 | ||
| 007 | ta | ||
| 008 | 121108s1982 gw f 001 0 ger d | ||
| 020 | . | ‡a3-451-19227-6 ‡q(váz.) | |
| 035 | . | ‡a(CZ PrSKC)000119630 | |
| 040 | . | ‡aABC013 ‡bcze ‡dABC013 ‡dABD027 ‡dABD064 ‡dCBD005 | |
| 072 | 7. | ‡a27-1/-2 ‡xKřesťanská teologie. Dogmatická teologie ‡2Konspekt ‡95 | |
| 080 | . | ‡a172 ‡2MRF | |
| 080 | . | ‡a32 ‡2MRF | |
| 080 | . | ‡a2-11:32 ‡2MRF | |
| 080 | . | ‡a2-184.3 ‡2MRF | |
| 080 | . | ‡a322 ‡2MRF | |
| 080 | . | ‡a342.7 ‡2MRF | |
| 080 | . | ‡a123.1 ‡2MRF | |
| 080 | . | ‡a(048.8) ‡2MRF | |
| 100 | 1 | . | ‡aTödt, Heinz Eduard, ‡d1918-1991 ‡7uk2012731366 ‡4aut |
| 245 | 1 | 0. | ‡aMenschenrechte, Grundrechte / ‡cHeinz Eduard Tödt. Religion und Politik / Francis Fiorenza. Legitimation / Alexander Schwan |
| 260 | . | ‡aFreiburg ; ‡aBasel ; ‡aWien : ‡bHerder, ‡c1982 | |
| 300 | . | ‡a143 s. ; ‡c21 cm | |
| 490 | 1 | . | ‡aChristlicher Glaube in moderner Gesellschaft. Enzyklopädische Bibliothek in 30 Teilbänden ; ‡vTeilband 27 |
| 504 | . | ‡aObsahuje bibliografii a rejstřík | |
| 650 | 0 | 7. | ‡asociální etika ‡7ph116203 ‡2czenas |
| 650 | 0 | 7. | ‡apolitologie ‡7ph115796 ‡2czenas |
| 650 | 0 | 7. | ‡apolitická teologie ‡7ph124240 ‡2czenas |
| 650 | 0 | 7. | ‡anáboženská víra ‡7ph115476 ‡2czenas |
| 650 | 0 | 7. | ‡akřesťanství ‡7ph115073 ‡2czenas |
| 650 | 0 | 7. | ‡anáboženství a politika ‡7ph115486 ‡2czenas |
| 650 | 0 | 7. | ‡alidská práva ‡7ph122331 ‡2czenas |
| 653 | 0 | . | ‡apolitická svoboda |
| 655 | 7. | ‡amonografie ‡7fd132842 ‡2czenas | |
| 700 | 1 | 2. | ‡aSchüssler Fiorenza, Francis, ‡d1941- ‡tReligion und Politik |
| 700 | 1 | 2. | ‡aSchwan, Alexander, ‡d1931-1989. ‡tLegitimation |
| 830 | 0. | ‡aChristlicher Glaube in moderner Gesellschaft. Enzyklopädische Bibliothek in 30 Teilbänden ‡pEnzyklopädische Bibliothek in 30 Teilbänden | |
| 910 | . | ‡aABG312 | |
| 995 | . | ‡aska | |
| 901 | . | ‡a4236 ‡bUnknown ‡c4236 ‡tbiblio | |